书目信息 |
| 题名: |
尧舜禹演义
|
|
| 作者: | 张建合 , 董鹏翔 主编 | |
| 分册: | ||
| 出版信息: | 太原 山西人民出版社 2009.03 |
|
| 页数: | 14, 509页 | |
| 开本: | 26cm | |
| 丛书名: | ||
| 单 册: | ||
| 中图分类: | I247.4 | |
| 科图分类: | ||
| 主题词: | 章回小说--zhang hui xiao shuo--中国--当代 | |
| 电子资源: | ||
| ISBN: | 978-7-203-06383-4 | |
| 000 | 01027nam0 2200241 450 | |
| 001 | 012009001186 | |
| 005 | 20090622120028.96 | |
| 010 | @a978-7-203-06383-4@dCNY50.00 | |
| 100 | @a20090622d2009 km y0chi0120 ea | |
| 101 | 0 | @achi |
| 102 | @aCN@b140000 | |
| 105 | @ac z 000ay | |
| 106 | @ar | |
| 200 | 1 | @a尧舜禹演义@Ayao shun yu yan yi@f张建合, 董鹏翔主编@Fzhang jian he,dong peng xiang zhu bian |
| 210 | @a太原@c山西人民出版社@d2009.03 | |
| 215 | @a14, 509页@c肖像@d26cm | |
| 330 | @a该书故事情节,跌宕起伏,扣人心弦,其中人物描写,鲜活生动,深刻感人,是一部有厚重文化积淀的文学著作。它以其特殊的时代背景和引人入胜的历史故事,弘扬了尧德舜孝禹功几千年来遗留下的中华民族的传统美德,以德治国、孝道为先,不仅对国民,特别是对青少年健康成长,树立正确的人生观、价值观都将产生深远的影响。 | |
| 606 | 0 | @a章回小说@Azhang hui xiao shuo@y中国@z当代 |
| 690 | @aI247.4@v4 | |
| 701 | 0 | @a张建合@Azhang jian he@4主编 |
| 701 | 0 | @a董鹏翔@Adong peng xiang@4主编 |
| 801 | 0 | @aCN@bQSSK@c20090622 |
| 905 | @b744014-16@dI247.4@eZ122@f3 | |
| 尧舜禹演义/张建合, 董鹏翔主编.-太原:山西人民出版社,2009.03 |
| 14, 509页:肖像;26cm |
| ISBN 978-7-203-06383-4:CNY50.00 |
| 该书故事情节,跌宕起伏,扣人心弦,其中人物描写,鲜活生动,深刻感人,是一部有厚重文化积淀的文学著作。它以其特殊的时代背景和引人入胜的历史故事,弘扬了尧德舜孝禹功几千年来遗留下的中华民族的传统美德,以德治国、孝道为先,不仅对国民,特别是对青少年健康成长,树立正确的人生观、价值观都将产生深远的影响。 |
| ● |
| 相关链接 |
|
|
|
正题名:尧舜禹演义
索取号:I247.4/Z122
 
预约/预借
| 序号 | 登录号 | 条形码 | 馆藏地/架位号 | 状态 | 备注 |
| 1 | 744014 | 207440143 | 文学库108/108文学库 24排11列2层/ [索取号:I247.4/Z122] | 在馆 | |
| 2 | 744015 | 207440152 | 文学库108/108文学库 24排11列2层/ [索取号:I247.4/Z122] | 在馆 | |
| 3 | 744016 | 207440161 | 文学库108/108文学库 24排11列2层/ [索取号:I247.4/Z122] | 在馆 |